[Event "DEN-ch Kort1 Gr-1"]
[Site "Svendborg"]
[Date "2022.04.09"]
[Round "1"]
[White "Hansen, Alex Mehr"]
[Black "Skytte, Robert"]
[Result "1-0"]
[WhiteElo "1875"]
[BlackElo "1437"]
[PlyCount "53"]
[EventDate "2022.04.09"]
[EventType "swiss"]
[EventRounds "5"]
[EventCountry "DEN"]
[SourceTitle "EXT 2024"]
[Source "ChessBase"]
[SourceDate "2023.10.10"]
[SourceVersion "1"]
[SourceVersionDate "2023.10.10"]
[SourceQuality "1"]

1. d4 d5 2. c4 c6 3. e3 Nf6 4. Nf3 e6 5. b3 Ne4 6. Bd3 Bb4+ 7. Nfd2 f5 8. 0-0 0-0 9. f3 Nc3 10. Qc2 Nxb1 11. Rxb1 Qf6 12. f4 h5 13. Nf3 Nd7 14. a3 Bd6 15. b4 a5 16. c5 Bc7 17. Qa4 Re8 18. Bd2 Nf8 19. bxa5 Bd7 20. Rxb7 Qd8 21. a6 Qc8 22. Rfb1 Re7 23. Ba5 Bxa5 24. Qxa5 Rf7 25. Ne5 Re7 26. a7 Nh7 27. Rb8 1-0

[Event "DEN-ch Kort 1-1"]
[Site "Svendborg"]
[Date "2018.03.24"]
[Round "1"]
[White "Hansen, Alex Mehr"]
[Black "Jensen Lynch, Jonathan"]
[Result "1-0"]
[WhiteElo "1912"]
[BlackElo "1668"]
[PlyCount "87"]
[EventDate "2018.03.24"]
[EventType "swiss"]
[EventRounds "5"]
[EventCountry "DEN"]
[SourceTitle "EXT 2019"]
[Source "ChessBase"]
[SourceDate "2018.10.10"]
[SourceVersion "1"]
[SourceVersionDate "2018.10.10"]
[SourceQuality "1"]

1. e4 g6 2. Bc4 Bg7 3. d4 d6 4. Qf3 Nf6 5. h3 Nbd7 6. g4 h6 7. Ne2 e5 8. c3 Qe7 9. Bd3 d5 10. Nd2 exd4 11. cxd4 dxe4 12. Nxe4 Qb4+ 13. Nd2 c6 14. a3 Qa5 15. b4 Qd5 16. Nc3 Qxd4 17. Be2 Nxg4 18. Bb2 Nge5 19. Qg3 0-0 20. Rd1 Re8 21. Nc4 Nd3+ 22. Qxd3 Qxd3 23. Rxd3 Nf8 24. Nd6 Bf5 25. Nxe8 Bxd3 26. Nxg7 Bxe2 27. Nxe2 Nd7 28. Nf4 f6 29. Nfe6 Kf7 30. Kd1 Nf8 31. Re1 a5 32. Nxf8 Kxg7 33. Ne6+ Kf7 34. Re3 axb4 35. axb4 Ra2 36. Kc2 Ra4 37. Kb3 Ra7 38. Nd8+ Kf8 39. Bxf6 b5 40. Nxc6 Rf7 41. Bh4 g5 42. Bg3 h5 43. h4 g4 44. Nd4 1-0

[Event "DEN-ch G5-2"]
[Site "Svendborg"]
[Date "2016.03.27"]
[Round "4"]
[White "Molvig, Henrik"]
[Black "Hansen, Alex Mehr"]
[Result "1/2-1/2"]
[WhiteElo "2115"]
[BlackElo "1906"]
[PlyCount "67"]
[EventDate "2016.03.24"]
[EventType "swiss"]
[EventRounds "5"]
[EventCountry "DEN"]
[SourceTitle "EXT 2023"]
[Source "ChessBase"]
[SourceDate "2022.10.05"]
[SourceVersion "1"]
[SourceVersionDate "2022.10.05"]
[SourceQuality "1"]

1. d4 Nf6 2. c4 e6 3. Nf3 d5 4. Nc3 Be7 5. Bg5 0-0 6. e3 b6 7. Be2 Bb7 8. Bxf6 Bxf6 9. cxd5 exd5 10. b4 Qd6 11. Rb1 a6 12. 0-0 b5 13. a4 c6 14. e4 dxe4 15. Nxe4 Qd8 16. Qc2 Nd7 17. Bd3 h6 18. a5 Be7 19. Rfe1 Rc8 20. Nc5 Nxc5 21. dxc5 Bf6 22. Bf5 Rc7 23. Rbd1 Qb8 24. Nd2 g6 25. Bh3 Bc8 26. Ne4 Be7 27. Bxc8 Qxc8 28. Nd6 Bxd6 29. cxd6 Rd7 30. h3 Rfd8 31. Qc5 Qb8 32. Qxc6 Rxd6 33. Re8+ Rxe8 34. Qxd6 1/2-1/2

[Event "DEN-ch G5-2"]
[Site "Svendborg"]
[Date "2016.03.26"]
[Round "2"]
[White "Hansen, Alex Mehr"]
[Black "Jepsen, Thomas Tange"]
[Result "0-1"]
[WhiteElo "1906"]
[BlackElo "2094"]
[PlyCount "100"]
[EventDate "2016.03.24"]
[EventType "swiss"]
[EventRounds "5"]
[EventCountry "DEN"]
[SourceTitle "EXT 2023"]
[Source "ChessBase"]
[SourceDate "2022.10.05"]
[SourceVersion "1"]
[SourceVersionDate "2022.10.05"]
[SourceQuality "1"]

1. e4 c6 2. d4 d5 3. e5 Bf5 4. Bd3 Bxd3 5. Qxd3 e6 6. Nf3 Nd7 7. a4 Ne7 8. Nc3 c5 9. dxc5 Nc6 10. Be3 Bxc5 11. Bxc5 Nxc5 12. Qb5 Qe7 13. Nd4 Rc8 14. 0-0 0-0 15. Nxc6 Rxc6 16. Qe2 a6 17. Qe3 Nd7 18. Rfc1 Qb4 19. Nd1 d4 20. Qe2 Rfc8 21. c3 Qa5 22. f4 f6 23. exf6 Nxf6 24. Qd3 Qd5 25. Rc2 dxc3 26. Qxd5 Nxd5 27. g3 cxb2 28. Rxb2 Rc1 29. Rbb1 Rxb1 30. Rxb1 b5 31. axb5 axb5 32. Kf1 b4 33. Ke1 Kf7 34. Kd2 Rb8 35. Rb3 Kf6 36. Kd3 Kf5 37. h3 h5 38. h4 Rc8 39. Ke2 Rc2+ 40. Kf3 Ra2 41. Rb2 Ra3+ 42. Kg2 e5 43. fxe5 Kxe5 44. Rd2 Nc3 45. Rd8 Nxd1 46. Rxd1 b3 47. Kf2 b2 48. Rb1 Rb3 49. Ke2 Kf5 50. Kf2 Kg4 0-1

[Event "DEN-ch G5-2"]
[Site "Svendborg"]
[Date "2016.03.24"]
[Round "1"]
[White "Hansen, Alex Mehr"]
[Black "Winther, Bjarke Rosenborg"]
[Result "1-0"]
[WhiteElo "1906"]
[BlackElo "1740"]
[PlyCount "69"]
[EventDate "2016.03.24"]
[EventType "swiss"]
[EventRounds "5"]
[EventCountry "DEN"]
[SourceTitle "EXT 2018"]
[Source "ChessBase"]
[SourceDate "2017.10.13"]
[SourceVersion "1"]
[SourceVersionDate "2017.10.13"]
[SourceQuality "1"]

1. e4 c5 2. c3 Nc6 3. f4 d6 4. Nf3 e5 5. d3 Nf6 6. Be2 Be7 7. 0-0 Qc7 8. Na3 Bd7 9. Kh1 h6 10. Nb5 Qb6 11. a4 a6 12. Na3 Qc7 13. Nc4 Be6 14. fxe5 dxe5 15. Nfxe5 Nxe5 16. Nxe5 Bd6 17. Nf3 0-0 18. Qe1 Nh5 19. Qh4 Nf4 20. Rf2 Nxe2 21. Rxe2 Be7 22. Qf4 Qxf4 23. Bxf4 Rad8 24. Rd2 f6 25. Bc7 Rd7 26. Bb6 Bd6 27. g3 Re8 28. Kg2 Kf7 29. a5 Rc8 30. Ng1 f5 31. Rf1 Kg6 32. Nh3 fxe4 33. dxe4 Rf8 34. Rfd1 Bxh3+ 35. Kxh3 1-0

[Event "Copenhagen Challenge"]
[Site "Ballerup"]
[Date "2015.05.01"]
[Round "5"]
[White "Moe, Mogens"]
[Black "Hansen, Alex Mehr"]
[Result "1/2-1/2"]
[WhiteElo "2161"]
[BlackElo "1956"]
[PlyCount "100"]
[EventDate "2015.04.29"]
[EventType "swiss"]
[EventRounds "9"]
[EventCountry "DEN"]
[SourceTitle "CBM 166 Extra"]
[Source "ChessBase"]
[SourceDate "2015.06.18"]
[SourceVersion "1"]
[SourceVersionDate "2015.06.18"]
[SourceQuality "1"]

1. e4 c6 2. d4 d5 3. e5 Bf5 4. Nc3 e6 5. g4 Bg6 6. Nge2 Bb4 7. Bg2 Qh4 8. Nf4 Na6 9. a3 Ba5 10. b4 Bd8 11. Nxg6 hxg6 12. Bf4 g5 13. Bg3 Qh6 14. Rb1 b5 15. Qd3 Nc7 16. Ke2 Kd7 17. Rbf1 Qh7 18. Qd2 Qg6 19. h3 f5 20. exf6 Bxf6 21. Kd1 a5 22. bxa5 Ne8 23. Ne2 Bd8 24. f4 Bxa5 25. Qe3 Nd6 26. f5 Nc4 27. Qxe6+ Qxe6 28. fxe6+ Kxe6 29. Rf3 Nf6 30. Rb3 Ne4 31. Be1 Bxe1 32. Rxe1 Nf2+ 33. Kc1 Kd7 34. Rf1 Rhf8 35. Ng1 Rxa3 36. Rxa3 Nxa3 37. Nf3 Rxf3 38. Bxf3 Nxh3 39. Rh1 Nf4 40. Rh7 Ne6 41. c3 Nc4 42. Be2 Nd6 43. Bd3 Ke7 44. Bf5 Ne8 45. Rh8 N8c7 46. Rg8 Kd6 47. Kb2 c5 48. dxc5+ Kxc5 49. Rc8 Kd6 50. Rg8 Kc5 1/2-1/2

[Event "Politiken Cup 35th"]
[Site "Helsingor"]
[Date "2013.08.01"]
[Round "7"]
[White "Hansen, Alex Mehr"]
[Black "Henningsen, Lasse"]
[Result "1-0"]
[WhiteElo "1953"]
[BlackElo "1779"]
[PlyCount "89"]
[EventDate "2013.07.27"]
[EventType "swiss"]
[EventRounds "10"]
[EventCountry "DEN"]
[SourceTitle "CBM 155 Extra"]
[Source "ChessBase"]
[SourceDate "2013.08.26"]
[SourceVersion "1"]
[SourceVersionDate "2013.08.26"]
[SourceQuality "1"]

1. e4 e6 2. d4 d5 3. e5 c5 4. c3 Bd7 5. f4 Qb6 6. Nf3 Bb5 7. Bd3 Bxd3 8. Qxd3 Qa6 9. Qxa6 Nxa6 10. a3 Ne7 11. b4 cxd4 12. Nxd4 Nc6 13. Be3 Nxd4 14. Bxd4 b6 15. Nd2 Be7 16. 0-0 0-0 17. g4 Rfd8 18. Nf3 Rd7 19. h4 Rc8 20. h5 Nb8 21. b5 Rdc7 22. a4 Nd7 23. a5 Bc5 24. a6 Be7 25. Nd2 Nc5 26. Rf3 Nd7 27. Nb3 Bc5 28. f5 Bxd4+ 29. cxd4 Rc4 30. Raf1 Rf8 31. Kg2 Rfc8 32. fxe6 fxe6 33. Rf7 R8c7 34. Re7 Nf8 35. Rff7 Rxe7 36. Rxe7 Rc2+ 37. Kf1 Rb2 38. Nc1 Rb1 39. Rc7 Rxb5 40. Rxa7 Rb1 41. Rc7 Ra1 42. a7 b5 43. Ke2 b4 44. Kd2 Ra3 45. Kc2 1-0

[Event "Politiken Cup 35th"]
[Site "Helsingor"]
[Date "2013.07.31"]
[Round "6"]
[White "Larsen, Ulrik Jejlskov"]
[Black "Hansen, Alex Mehr"]
[Result "1-0"]
[WhiteElo "1700"]
[BlackElo "1953"]
[PlyCount "117"]
[EventDate "2013.07.27"]
[EventType "swiss"]
[EventRounds "10"]
[EventCountry "DEN"]
[SourceTitle "CBM 155 Extra"]
[Source "ChessBase"]
[SourceDate "2013.08.26"]
[SourceVersion "1"]
[SourceVersionDate "2013.08.26"]
[SourceQuality "1"]

1. d4 d5 2. Nf3 Nf6 3. e3 e6 4. Bd3 c5 5. c3 c4 6. Bc2 Bd6 7. Nbd2 b5 8. Qe2 Bb7 9. 0-0 Nbd7 10. e4 dxe4 11. Nxe4 Nxe4 12. Bxe4 Qc7 13. Bxb7 Qxb7 14. Ne5 Bxe5 15. dxe5 Nc5 16. Be3 Na4 17. Rad1 0-0 18. Rd6 Qc7 19. Rfd1 Rfd8 20. R1d4 Rxd6 21. exd6 Qd7 22. Qh5 f6 23. Rd2 Rd8 24. f4 g6 25. Qh4 Qf7 26. Qf2 Rd7 27. Bc5 Qf8 28. Qd4 Nxc5 29. Qxc5 Qb8 30. Kf1 Kf7 31. Qc6 Qd8 32. Qxb5 Rxd6 33. Qb7+ Kg8 34. Rxd6 Qxd6 35. Qc8+ Kf7 36. Qb7+ Kf8 37. Qa8+ Ke7 38. Qxa7+ Kd8 39. Qd4 Ke7 40. Qxd6+ Kxd6 41. b4 cxb3 42. axb3 Kd5 43. Ke2 Ke4 44. g3 h5 45. b4 h4 46. b5 hxg3 47. hxg3 Kd5 48. c4+ Kd6 49. b6 Kc6 50. c5 Kb7 51. g4 Kc6 52. Ke3 Kb7 53. Ke4 Kc6 54. Kd4 Kb7 55. g5 e5+ 56. fxe5 f5 57. e6 Kc6 58. e7 Kd7 59. b7 1-0

[Event "Politiken Cup 35th"]
[Site "Helsingor"]
[Date "2013.07.29"]
[Round "4"]
[White "Hansen, Alex Mehr"]
[Black "Brorsen, Jacob Abildlund"]
[Result "0-1"]
[WhiteElo "1953"]
[BlackElo "2142"]
[PlyCount "70"]
[EventDate "2013.07.27"]
[EventType "swiss"]
[EventRounds "10"]
[EventCountry "DEN"]
[SourceTitle "CBM 155 Extra"]
[Source "ChessBase"]
[SourceDate "2013.08.26"]
[SourceVersion "1"]
[SourceVersionDate "2013.08.26"]
[SourceQuality "1"]

1. e4 e5 2. Bc4 Nf6 3. d3 Nc6 4. Ne2 Na5 5. Nbc3 Bc5 6. h3 0-0 7. Bg5 c6 8. Qd2 b5 9. Bb3 d5 10. Bxd5 cxd5 11. Nxd5 Nc6 12. Bxf6 gxf6 13. Qh6 Be7 14. Ng3 Kh8 15. Nh5 Rg8 16. Nxe7 Qxe7 17. Nxf6 Rg7 18. Nxh7 Rg6 19. Qh5 Kg7 20. f4 exf4 21. 0-0 Rh6 22. Qg5+ Kxh7 23. Qxf4 Be6 24. c3 Rg8 25. Kh2 Rh4 26. Qe3 Ne5 27. Kh1 Qd7 28. Rf4 Rh6 29. Qd4 Bxh3 30. Qxd7 Bxd7+ 31. Kg1 Bh3 32. Rf2 Nxd3 33. Rxf7+ Kh8 34. Rf3 Rxg2+ 35. Kh1 Rg8 0-1

[Event "Politiken Cup 35th"]
[Site "Helsingor"]
[Date "2013.07.28"]
[Round "3"]
[White "Hansen, Alex Mehr"]
[Black "Nielsen, John Bauneborg"]
[Result "1-0"]
[WhiteElo "1953"]
[BlackElo "2161"]
[PlyCount "74"]
[EventDate "2013.07.27"]
[EventType "swiss"]
[EventRounds "10"]
[EventCountry "DEN"]
[SourceTitle "CBM 155 Extra"]
[Source "ChessBase"]
[SourceDate "2013.08.26"]
[SourceVersion "1"]
[SourceVersionDate "2013.08.26"]
[SourceQuality "1"]

1. e4 c5 2. b3 Nc6 3. Bb2 d6 4. Nf3 e6 5. d4 cxd4 6. Nxd4 Nf6 7. Nxc6 bxc6 8. e5 dxe5 9. Qxd8+ Kxd8 10. Bxe5 Bb4+ 11. Nc3 Nd7 12. Bxg7 Rg8 13. a3 Ba5 14. b4 Rxg7 15. bxa5 Rb8 16. f4 Nc5 17. g3 Kc7 18. Na2 e5 19. fxe5 Be6 20. Nb4 Rg5 21. Nd3 Rb5 22. a6 Bd5 23. Rg1 Na4 24. Kd2 Bc4 25. h4 Rg4 26. Re1 Rd5 27. Bg2 Rd8 28. Be4 h6 29. Ke3 Nc3 30. Nf4 Nxe4 31. Kxe4 Rd2 32. Kf5 Rg8 33. e6 Bxe6+ 34. Nxe6+ fxe6+ 35. Rxe6 Rf2+ 36. Ke5 Re2+ 37. Kf6 Rf2+ 1-0

[Event "Farum 60 years op"]
[Site "Farum"]
[Date "2003.10.18"]
[Round "7"]
[White "Hansen, Alex Mehr"]
[Black "Nielsen, Erik"]
[Result "1-0"]
[WhiteElo "1771"]
[BlackElo "1390"]
[PlyCount "67"]
[EventDate "2003.10.12"]
[EventType "swiss"]
[EventRounds "7"]
[EventCountry "DEN"]
[SourceTitle "EXT 2018"]
[Source "ChessBase"]
[SourceDate "2017.10.13"]
[SourceVersion "1"]
[SourceVersionDate "2017.10.13"]
[SourceQuality "1"]

1. e4 c5 2. Nf3 Nc6 3. d4 cxd4 4. Nxd4 e6 5. Bc4 Nf6 6. Nxc6 bxc6 7. Nc3 d5 8. Bd3 Bb4 9. Bd2 0-0 10. e5 Nd7 11. Qh5 g6 12. Qe2 f6 13. exf6 Qxf6 14. 0-0 a5 15. a3 Bc5 16. Na4 Bd6 17. Rae1 e5 18. f3 Re8 19. c4 Bb7 20. Rc1 Qh4 21. Be1 Qf4 22. Bg3 Qf6 23. Kh1 Qe7 24. cxd5 cxd5 25. Bb5 Bc8 26. Bxd7 Qxd7 27. Nb6 Ba6 28. Qxa6 Rxa6 29. Nxd7 Kf7 30. Nc5 Rb6 31. Na4 Rb5 32. Rfe1 Re7 33. Rc6 Ke6 34. Bxe5 1-0